<?xml version="1.0" encoding="UTF-8"?>
<record
    xmlns:xsi="http://www.w3.org/2001/XMLSchema-instance"
    xsi:schemaLocation="http://www.loc.gov/MARC21/slim http://www.loc.gov/standards/marcxml/schema/MARC21slim.xsd"
    xmlns="http://www.loc.gov/MARC21/slim">

  <leader>00556nam a2200133Ia 4500</leader>
  <controlfield tag="008">221007s9999    xx            000 0 und d</controlfield>
  <datafield tag="041" ind1=" " ind2=" ">
    <subfield code="a">eng</subfield>
  </datafield>
  <datafield tag="082" ind1=" " ind2=" ">
    <subfield code="b">DES</subfield>
  </datafield>
  <datafield tag="100" ind1=" " ind2=" ">
    <subfield code="a">Deshmukh N R &amp; [Guide Name] - C M Joshi</subfield>
    <subfield code="9">103210</subfield>
  </datafield>
  <datafield tag="245" ind1=" " ind2=" ">
    <subfield code="a">Analytical Study Of The Changing Investment Environment Individual Investors Prefernces Perceptions And Problems Regarding Investment In Indian Capital Market With Reference To Selested Cities In Maharashtra(2001- 2010)</subfield>
  </datafield>
  <datafield tag="260" ind1=" " ind2=" ">
    <subfield code="c">Jul-15</subfield>
    <subfield code="b">Savitribai Phule Pune University</subfield>
    <subfield code="a">Pune</subfield>
  </datafield>
  <datafield tag="300" ind1=" " ind2=" ">
    <subfield code="a">363p</subfield>
  </datafield>
  <datafield tag="906" ind1=" " ind2=" ">
    <subfield code="b">General</subfield>
  </datafield>
  <datafield tag="999" ind1=" " ind2=" ">
    <subfield code="c">73520</subfield>
    <subfield code="d">73520</subfield>
  </datafield>
  <datafield tag="952" ind1=" " ind2=" ">
    <subfield code="0">0</subfield>
    <subfield code="1">0</subfield>
    <subfield code="4">0</subfield>
    <subfield code="7">0</subfield>
    <subfield code="a">HIMR</subfield>
    <subfield code="b">HIMR</subfield>
    <subfield code="d">2015-08-03</subfield>
    <subfield code="e">Satya Gilani</subfield>
    <subfield code="l">0</subfield>
    <subfield code="o"> DES</subfield>
    <subfield code="p">HIMR-TH0045</subfield>
    <subfield code="r">2022-10-07 00:00:00</subfield>
    <subfield code="w">2022-10-07</subfield>
    <subfield code="y">PH</subfield>
    <subfield code="z">TH0045</subfield>
  </datafield>
</record>
